Statistics for Country Anagrams: Two Words (#2)

Click here to take the quiz!

General Stats

  • This quiz has been taken 169 times
  • The average score is 7 of 11

Answer Stats

AnagramCountry% Correct
Czech Pier ClubCzech Republic
86%
Equator Lieu AgainEquatorial Guinea
82%
Carve DeepCape Verde
70%
Or Shake OutSouth Korea
68%
Haircut SofaSouth Africa
59%
Dismal Noon LossSolomon Islands
57%
Producible Mini CanDominican Republic
52%
U.S.A. Knob FairBurkina Faso
49%
Cacti OarsCosta Rica
47%
Iran MoansSan Marino
46%
Is A LunaticSaint Lucia
45%

Score Distribution

Percentile by Number Answered

Percent of People with Each Score

Your Score History

You have not taken this quiz